| 000 | 01040nam a2200241 a 4500 | ||
|---|---|---|---|
| 001 | BRCA_9015 | ||
| 005 | 20190320210508.0 | ||
| 008 | 200717s1785----sp-a######---#000-0#lat-# | ||
| 041 | _alat | ||
| 044 | _asp | ||
| 084 |
_aCO83 _b.V55 1785 |
||
| 100 | 1 |
_aVillanuño, Matías de _921269 |
|
| 245 | 1 | 0 |
_aSumma Conciliorum Hispaniae _bquotquot inveniri potuerunt ad usque saeculum proxime praeteritum, epistolarum ad hispanos cum earum delectu, notis, novisque dissertationibus adornata _copera et studio P. M. F. Mathiae de Villanuño, sacrae theologiae emeriti professoris, Congregationis S. Benedicti Vallisoletanae Gen. Magistri. |
| 260 |
_aMatriti _bApud Joachimum Ibarra, S.C.R.M. Typograph _c1785 |
||
| 300 |
_a596 p. (t.1) _c21 x 15.7 cm |
||
| 500 | _aSuperiorum permissu | ||
| 500 | _aEstado físico: presenta encuadernación en pergamino con cintas | ||
| 546 | _aTexto en: latín | ||
| 650 | 1 | 4 |
_aConcilis i sínodes _zEspaña _921270 |
| 700 | 1 |
_aIbarra, Joaquín, _d1725-1785 _eImpresor _921271 |
|
| 902 | _aCFM | ||
| 942 |
_2lcc _cB |
||
| 999 |
_c8666 _d8666 |
||